[Event "XI Festival A"]
[Site "Trieste ITA"]
[Date "2009.09.05"]
[Round "8"]
[White "Vianello, Enrico"]
[Black "Pregarac, Valter"]
[Result "1/2-1/2"]
[WhiteElo "2200"]
[BlackElo "2098"]
[PlyCount "105"]
[EventDate "2009.08.30"]

1. d4 Nf6 2. Bf4 d5 3. e3 Bf5 4. c4 c6 5. Qb3 Qb6 6. c5 Qxb3 7. axb3 Bxb1 8.
Rxb1 e6 9. b4 a6 10. Ra1 Nh5 11. Bg5 h6 12. Bh4 g5 13. Be2 Nd7 14. Bxh5 gxh4
15. f4 Rg8 16. Kf2 Rg7 17. Be2 O-O-O 18. Nf3 Be7 19. g3 Rdg8 20. Rag1 f5 21.
Nxh4 Bxh4 22. gxh4 Rxg1 23. Rxg1 Rxg1 24. Kxg1 Nf6 25. Kf2 Kd7 26. Ke1 Kc7 27.
Kd1 Kd7 28. Bd3 Kc7 29. Kc2 Kd7 30. Kb3 Kc7 31. Ka4 Kd7 32. Ka5 Kc7 33. h3 Kb8
34. Be2 Ka7 35. Bd3 Nh5 36. Ka4 Kb8 37. Kb3 Kc7 38. Kc2 Kd7 39. Kd2 Kc7 40. Bc2
Kd7 41. Bd3 Kc7 42. Be2 Nf6 43. Bf3 Kb8 44. Kc3 Ka7 45. Kb3 Kb8 46. Ka4 Ka7 47.
Ka5 Kb8 48. Be2 Ka7 49. b5 axb5 50. Kb4 Kb8 51. Bd1 Kc7 52. Kc3 Kb8 53. Bf3
1/2-1/2

[Event "XI Festival A"]
[Site "Trieste ITA"]
[Date "2009.09.05"]
[Round "8"]
[White "Judkovsky, Yair"]
[Black "Suc, Timothy"]
[Result "1/2-1/2"]
[WhiteElo "2244"]
[BlackElo "1991"]
[PlyCount "91"]
[EventDate "2009.08.30"]

1. e4 c6 2. d4 d5 3. e5 c5 4. dxc5 Nc6 5. Nf3 Bg4 6. Bb5 Qa5+ 7. Nc3 e6 8. Be3
Nge7 9. a3 O-O-O 10. b4 Bxf3 11. gxf3 Qc7 12. Bxc6 Nxc6 13. Bd4 a6 14. f4 g5
15. fxg5 h6 16. g6 fxg6 17. Qg4 Nxd4 18. Qxd4 Bg7 19. f4 g5 20. O-O gxf4 21.
Rae1 Rdf8 22. Rxf4 Rxf4 23. Qxf4 Rf8 24. Qg4 Qf7 25. Kh1 Kb8 26. Qg3 Qf2 27.
Qxf2 Rxf2 28. Ne2 Bxe5 29. Ng3 Bxg3 30. hxg3 Rf6 31. Kg2 Kc7 32. c4 Kc6 33.
cxd5+ exd5 34. Re8 Kb5 35. Rd8 Kc4 36. Rd6 Rf7 37. Rxh6 d4 38. c6 d3 39. cxb7
Rxb7 40. Kf2 Re7 41. Rxa6 d2 42. Rd6 Kc3 43. Rc6+ Kb3 44. Rd6 Kc2 45. Rc6+ Kb3
46. Rd6 1/2-1/2

[Event "XI Festival A"]
[Site "Trieste ITA"]
[Date "2009.09.06"]
[Round "9"]
[White "Dvirnyy, Danyyil"]
[Black "Mufic, Goran"]
[Result "1-0"]
[WhiteElo "2440"]
[BlackElo "2305"]
[PlyCount "147"]
[EventDate "2009.08.30"]

1. e4 e6 2. d4 d5 3. Nc3 dxe4 4. Nxe4 Nd7 5. Nf3 Ngf6 6. Nxf6+ Nxf6 7. c3 c5 8.
Ne5 Qd5 9. Qa4+ Nd7 10. Be2 Be7 11. Bf3 Qd6 12. Bf4 cxd4 13. O-O-O O-O 14. Rxd4
Nc5 15. Qc4 Qa6 16. Qxa6 Nxa6 17. Nd7 Re8 18. Rhd1 Nc5 19. Nxc5 Bxc5 20. Rd8
Kf8 21. b4 Be7 22. Rxe8+ Kxe8 23. a4 a5 24. b5 Bc5 25. Be3 Bxe3+ 26. fxe3 Rb8
27. Rd6 b6 28. c4 Ke7 29. c5 bxc5 30. Ra6 e5 31. Bd5 f5 32. Kc2 Bd7 33. Kc3
Bxb5 34. axb5 Rxb5 35. Bc4 Rb1 36. Re6+ Kd7 37. Rxe5 Rc1+ 38. Kd3 Rd1+ 39. Kc2
Rg1 40. Rxf5 Rxg2+ 41. Kd3 a4 42. Rxc5 Rxh2 43. Ra5 Rg2 44. Rxa4 Ke7 45. Ra6 h5
46. Bd5 Rg1 47. Ke2 h4 48. Kf2 Rg5 49. Bf3 Rb5 50. Bg4 Rb2+ 51. Kf3 Rb1 52. Bh3
Rg1 53. Bg2 Kf7 54. Kf2 Rd1 55. Be4 Rd2+ 56. Kf3 Rb2 57. Rg6 h3 58. Rg1 Kf6 59.
Ra1 g5 60. Ra6+ Kf7 61. Ra3 Rb4 62. Bf5 Rh4 63. Ra1 Kf6 64. Bg4 h2 65. Rh1 Rh8
66. Kg3 Ke5 67. Bf3 g4 68. Bg2 Rc8 69. Rxh2 Rc2 70. Rh5+ Kf6 71. Be4 Re2 72.
Kf4 g3 73. Rf5+ Ke6 74. Rg5 1-0

[Event "XI Festival A"]
[Site "Trieste ITA"]
[Date "2009.09.06"]
[Round "9"]
[White "Epishin, Vladimir V."]
[Black "Fedorchuk, Sergey A."]
[Result "1-0"]
[WhiteElo "2592"]
[BlackElo "2655"]
[PlyCount "63"]
[EventDate "2009.08.30"]

1. d4 Nf6 2. c4 e6 3. Nf3 b6 4. g3 Bb4+ 5. Bd2 a5 6. Bg2 Bb7 7. O-O O-O 8. Bg5
Be7 9. Re1 Na6 10. Nc3 Ne4 11. Bxe7 Qxe7 12. Nd2 Nxc3 13. bxc3 Bxg2 14. Kxg2 d5
15. cxd5 exd5 16. e4 Qd7 17. e5 c5 18. Nf1 b5 19. Ne3 Rfd8 20. a3 Nc7 21. dxc5
Ne6 22. Qf3 Rac8 23. Rad1 Rxc5 24. Nf5 Qc7 25. Re3 Ng5 26. Qg4 Ne6 27. Rf3 Rc4
28. Rd4 Kf8 29. Rxc4 Qxc4 30. Qh5 g6 31. Qxh7 gxf5 32. Qxf5 1-0

[Event "XI Festival A"]
[Site "Trieste ITA"]
[Date "2009.09.06"]
[Round "9"]
[White "Fusari, Paolo"]
[Black "Vianello, Enrico"]
[Result "1/2-1/2"]
[WhiteElo "1898"]
[BlackElo "2200"]
[PlyCount "111"]
[EventDate "2009.08.30"]

1. e4 d6 2. d4 Nf6 3. Nc3 e5 4. dxe5 dxe5 5. Qxd8+ Kxd8 6. Bg5 Be6 7. O-O-O+
Nbd7 8. Nf3 Kc8 9. Bh4 h6 10. Bg3 Bd6 11. Nb5 Nxe4 12. Nxd6+ cxd6 13. Bb5 f5
14. Rhe1 Nxg3 15. hxg3 Kc7 16. Re3 Nc5 17. Nxe5 a6 18. Bc4 Rhe8 19. b4 Ne4 20.
Bxe6 Rxe6 21. Nd3 Ng5 22. Nf4 Rxe3 23. Nd5+ Kc6 24. Nxe3 Rf8 25. f3 Ne6 26. Nc4
Rd8 27. Na5+ Kc7 28. Rd3 d5 29. Re3 Rd6 30. c3 b6 31. Nb3 Kd7 32. Kc2 f4 33.
gxf4 Nxf4 34. g3 Nh5 35. g4 Nf4 36. Nd4 g6 37. Kd2 Rf6 38. Re5 Kd6 39. Re8 Ne6
40. Nxe6 Rxe6 41. Ra8 Ke5 42. Ke3 b5 43. Ra7 Rc6 44. Kd3 Kf4 45. Rf7+ Kg3 46.
a3 g5 47. Rf5 Rc4 48. Rxd5 Kxf3 49. Rd4 Rxd4+ 50. Kxd4 Kxg4 51. c4 Kf5 52. c5
g4 53. Kd5 g3 54. c6 g2 55. c7 g1=Q 56. c8=Q+ 1/2-1/2

[Event "XI Festival A"]
[Site "Trieste ITA"]
[Date "2009.09.06"]
[Round "9"]
[White "Genocchio, Daniele"]
[Black "Bevilacqua, Andrea"]
[Result "1-0"]
[WhiteElo "2455"]
[BlackElo "2105"]
[PlyCount "143"]
[EventDate "2009.08.30"]

1. d4 d5 2. c4 e6 3. Nc3 Nf6 4. cxd5 exd5 5. Bg5 c6 6. e3 Be7 7. Bd3 h6 8. Bh4
O-O 9. Qc2 Re8 10. Nge2 Nbd7 11. O-O Nf8 12. Rfe1 Nh5 13. Bxe7 Rxe7 14. Qd2 Ne6
15. b4 Ng5 16. f3 Qe8 17. b5 Bd7 18. Nc1 Nf6 19. bxc6 Bxc6 20. Bc2 b5 21. Nd3
a5 22. a3 Rb8 23. Rab1 Nd7 24. f4 Ne4 25. Nxe4 dxe4 26. Ne5 Nxe5 27. fxe5 Qd8
28. Bb3 b4 29. axb4 Rxb4 30. Qa2 Be8 31. Bc4 Rxb1 32. Rxb1 Kh8 33. Qa3 a4 34.
Qd6 Qc7 35. Bd5 Kg8 36. Qxc7 Rxc7 37. Rb8 Kf8 38. Bxe4 a3 39. Ra8 Rc3 40. Kf2
Ke7 41. Bd5 g6 42. Ke2 Bb5+ 43. Kf3 Be8 44. Ra5 h5 45. Ke2 Rc2+ 46. Kd3 Rb2 47.
Rxa3 h4 48. Rb3 Rf2 49. Kc3 h3 50. Rb7+ Kf8 51. Rb2 hxg2 52. Bxg2 Rf5 53. Rb8
Ke7 54. Rb7+ Kd8 55. Be4 Rh5 56. e6 Rh4 57. exf7 Bxf7 58. Rxf7 Rxe4 59. Kd3 Rh4
60. Rg7 Rh6 61. d5 Ke8 62. Kd4 Kf8 63. Ra7 Rxh2 64. Ke5 Rh5+ 65. Kf6 Rf5+ 66.
Ke6 Rf3 67. e4 Rb3 68. d6 Rb6 69. e5 g5 70. Kf6 Ke8 71. e6 Rxd6 72. Ra8+ 1-0

[Event "XI Festival A"]
[Site "Trieste ITA"]
[Date "2009.09.06"]
[Round "9"]
[White "Jacob, Volker"]
[Black "Milazzo, Mario"]
[Result "1-0"]
[WhiteElo "2257"]
[BlackElo "2068"]
[PlyCount "83"]
[EventDate "2009.08.30"]

1. d4 f5 2. g3 Nf6 3. Bg2 g6 4. Nf3 Bg7 5. O-O d6 6. b3 O-O 7. Bb2 Qe8 8. c4 c6
9. Nbd2 Na6 10. a3 Nc7 11. Qc2 f4 12. Rae1 Bf5 13. Qd1 Qd7 14. Nh4 Bh3 15. e4
Nh5 16. Ndf3 Bxg2 17. Kxg2 Rae8 18. Bc1 Qc8 19. h3 fxg3 20. fxg3 e5 21. d5 cxd5
22. cxd5 Qd7 23. Be3 a6 24. Qd3 Bf6 25. Rc1 Rc8 26. a4 Qe7 27. Kh2 Bxh4 28.
Nxh4 Rxf1 29. Qxf1 Rf8 30. Qe2 Qf7 31. Bb6 Na8 32. Be3 Nc7 33. Kg2 Ne8 34. Nf3
Nhg7 35. Bh6 Qd7 36. Ng5 Rf6 37. Qg4 Nf5 38. exf5 gxf5 39. Qh4 Qd8 40. Nf3 e4
41. Nd4 Qb6 42. Rc8 1-0

[Event "XI Festival A"]
[Site "Trieste ITA"]
[Date "2009.09.06"]
[Round "9"]
[White "Mikhalevski, Victor"]
[Black "Piscopo, Pierluigi"]
[Result "1-0"]
[WhiteElo "2631"]
[BlackElo "2415"]
[PlyCount "89"]
[EventDate "2009.08.30"]

1. d4 Nf6 2. c4 c5 3. d5 e6 4. Nc3 exd5 5. cxd5 d6 6. Nf3 g6 7. g3 Bg7 8. Bg2
O-O 9. O-O Re8 10. Bf4 Bg4 11. Nd2 Nh5 12. Be3 f5 13. Nc4 Bxc3 14. bxc3 b5 15.
Na3 f4 16. gxf4 Nd7 17. Nxb5 Nb6 18. Na3 Qd7 19. c4 Re7 20. Rc1 Rf8 21. Rc3 Qf5
22. Qc2 Qf6 23. f5 Ng7 24. f3 Bh5 25. Qc1 Re5 26. Bg5 Qxf5 27. e4 Qxg5 28. f4
Qe7 29. fxe5 Rxf1+ 30. Bxf1 Qxe5 31. Rg3 Ne8 32. Qg5 Qd4+ 33. Qe3 Qg7 34. e5
Qxe5 35. Qxe5 dxe5 36. Re3 Nd7 37. Bh3 Nef6 38. Bxd7 Nxd7 39. Rb3 e4 40. Rb7
Ne5 41. Re7 Nf3+ 42. Kg2 Nd4 43. Kf2 Bf3 44. d6 Kf8 45. Re5 1-0

[Event "XI Festival A"]
[Site "Trieste ITA"]
[Date "2009.09.06"]
[Round "9"]
[White "Pasquotto, Mirko"]
[Black "Varini, Massimo"]
[Result "0-1"]
[WhiteElo "1922"]
[BlackElo "2084"]
[PlyCount "104"]
[EventDate "2009.08.30"]

1. d4 d5 2. c4 e6 3. Nc3 Nf6 4. Nf3 Be7 5. Bg5 O-O 6. e3 Nbd7 7. Bd3 a6 8. O-O
dxc4 9. Bxc4 b5 10. Bd3 Bb7 11. a3 c5 12. Rc1 cxd4 13. exd4 Rc8 14. Qe2 Nb6 15.
Rfd1 Nbd5 16. Ne4 h6 17. Nxf6+ Nxf6 18. Be3 Qd5 19. Qf1 Bd6 20. Ne5 Bxe5 21.
dxe5 Qxe5 22. Bd4 Qf4 23. Be3 Qh4 24. f3 Rfd8 25. Bb1 Bd5 26. Qd3 g6 27. Qd4
Qxd4 28. Bxd4 Nd7 29. Be3 Kh7 30. Rxc8 Rxc8 31. Rc1 Rxc1+ 32. Bxc1 Kg7 33. Kf2
e5 34. g4 Nc5 35. g5 hxg5 36. Bxg5 Bb3 37. Be3 Na4 38. Bc1 f5 39. h4 Kf6 40.
Bg5+ Ke6 41. Bc1 Nb6 42. Bd3 Bc4 43. Bc2 Bd5 44. b3 Nd7 45. Be3 Nf6 46. Bb6 e4
47. fxe4 Bxe4 48. Bxe4 fxe4 49. Bd4 Nd5 50. Be3 Nxe3 51. Kxe3 Ke5 52. b4 Kf5
0-1

[Event "XI Festival A"]
[Site "Trieste ITA"]
[Date "2009.09.06"]
[Round "9"]
[White "Pregarac, Valter"]
[Black "Mazi, Leon"]
[Result "0-1"]
[WhiteElo "2098"]
[BlackElo "2362"]
[PlyCount "102"]
[EventDate "2009.08.30"]

1. d4 Nf6 2. c4 d6 3. Nc3 e5 4. Nf3 Nbd7 5. e4 g6 6. Be2 Bg7 7. O-O O-O 8. dxe5
dxe5 9. Qc2 c6 10. Rd1 Re8 11. Be3 Qe7 12. a3 Nh5 13. g3 Nf8 14. c5 Bg4 15. Nd2
Nf6 16. Nc4 Bxe2 17. Qxe2 Ne6 18. Nd6 Rad8 19. f3 Nd4 20. Bxd4 exd4 21. Rxd4
Nd7 22. Rd2 Nxc5 23. Qd1 Qe6 24. Rb1 Bf8 25. e5 Qxe5 26. Nde4 Ne6 27. Kg2 Bg7
28. Na2 Rxd2+ 29. Qxd2 Rd8 30. Qb4 Qc7 31. Qa4 Qb6 32. Qc2 h6 33. Nac3 Qe3 34.
Rd1 Rxd1 35. Nxd1 Qxf3+ 36. Kxf3 Nd4+ 37. Kg2 Nxc2 38. Nd6 b5 39. Nc8 Kf8 40.
Nxa7 Nd4 41. Nc8 Be5 42. Nb6 Ke7 43. a4 Bc7 44. a5 Nb3 45. Ne3 Nxa5 46. Na8 Bd8
47. Ng4 Nc4 48. b3 h5 49. Nf2 Nd2 50. b4 Kd7 51. Nd3 Nc4 0-1

[Event "XI Festival A"]
[Site "Trieste ITA"]
[Date "2009.09.06"]
[Round "9"]
[White "Suc, Timothy"]
[Black "Laco, Giuseppe"]
[Result "1/2-1/2"]
[WhiteElo "1991"]
[BlackElo "2135"]
[PlyCount "109"]
[EventDate "2009.08.30"]

1. d4 f5 2. Nc3 Nf6 3. Bg5 Ne4 4. Nxe4 fxe4 5. e3 c6 6. Bf4 d5 7. f3 Bf5 8.
fxe4 Qa5+ 9. c3 dxe4 10. Ne2 Nd7 11. Ng3 Bg6 12. Qb3 Qb6 13. Bc4 Nf6 14. O-O h5
15. Bg5 h4 16. Ne2 Qxb3 17. Bxb3 Kd7 18. Rf4 h3 19. c4 Rh5 20. Bh4 hxg2 21. Ng3
Ra5 22. Kxg2 Bh7 23. Bxf6 exf6 24. Nxe4 Bxe4+ 25. Rxe4 Rg5+ 26. Kf2 Bd6 27. Rh4
Re8 28. Rh7 Kc8 29. c5 Bc7 30. Bc2 b6 31. cxb6 Bxb6 32. Ba4 Rf5+ 33. Kg2 Rxe3
34. Bxc6 Rg5+ 35. Kh1 Bxd4 36. Rd1 Kc7 37. Ba8 Kb6 38. Rh4 Bc5 39. b4 Be7 40.
a4 a5 41. bxa5+ Kxa5 42. Rd5+ Rxd5 43. Bxd5 f5 44. Rf4 Re5 45. Bc6 g5 46. Rf1
f4 47. Kg2 Kb6 48. Bb5 Re3 49. Rf3 Re4 50. Rb3 Rd4 51. Rd3 Rb4 52. h3 Rb2+ 53.
Kf3 Rh2 54. Ke4 Re2+ 55. Kf3 1/2-1/2

[Event "XI Festival A"]
[Site "Trieste ITA"]
[Date "2009.09.06"]
[Round "9"]
[White "Tonel, Giulia"]
[Black "Judkovsky, Yair"]
[Result "0-1"]
[WhiteElo "2004"]
[BlackElo "2244"]
[PlyCount "92"]
[EventDate "2009.08.30"]

1. e4 e5 2. f4 Bc5 3. Nf3 d6 4. c3 Nf6 5. d4 Bb6 6. Bd3 O-O 7. O-O exd4 8. cxd4
Nc6 9. Bc2 Bg4 10. Be3 Bxf3 11. gxf3 Nh5 12. Nc3 Qh4 13. Ne2 f5 14. Qe1 Qxe1
15. Raxe1 Rae8 16. Rd1 fxe4 17. fxe4 Nf6 18. Ng3 Ng4 19. Bb3+ Kh8 20. Bc1 Bxd4+
21. Kg2 Be3 22. Rf3 Bxc1 23. Rxc1 Nd4 24. Rxc7 Nxf3 25. Kxf3 Nxh2+ 26. Kg2 Ng4
27. Kf3 Ne5+ 28. Ke3 Ng6 29. f5 Re7 30. Rc2 Ne5 31. Rd2 Rd8 32. Ne2 Ng4+ 33.
Kf4 Nf6 34. Nc3 g6 35. Be6 gxf5 36. exf5 a6 37. Na4 Rc7 38. b3 b5 39. Nb2 Kg7
40. Nd3 Kf8 41. Nf2 Rc1 42. Nd3 Rc3 43. a4 bxa4 44. bxa4 Rb8 45. Nb2 Rb4+ 46.
Kg5 Ne4+ 0-1

[Event "VII Festival A"]
[Site "Amantea ITA"]
[Date "2009.08.31"]
[Round "1"]
[White "Arnetta, Maria Teresa"]
[Black "Mullon, Jean-Baptiste"]
[Result "0-1"]
[WhiteElo "2031"]
[BlackElo "2357"]
[PlyCount "138"]
[EventDate "2009.08.31"]

1. e4 c5 2. c3 e6 3. d4 d5 4. exd5 exd5 5. Nf3 Bd6 6. Be3 c4 7. b3 cxb3 8. axb3
Ne7 9. Na3 O-O 10. Nb5 Nbc6 11. Nxd6 Qxd6 12. Bd3 Bf5 13. O-O a6 14. Bg5 f6 15.
Bc1 Rf7 16. Ba3 Qf4 17. Re1 Bxd3 18. Qxd3 Qf5 19. Qxf5 Nxf5 20. Re6 Rd7 21.
Rae1 Kf7 22. g4 Nfe7 23. Kg2 Rc8 24. h4 Ng6 25. Kg3 Nge5 26. Rd6 Rxd6 27. Bxd6
Nxf3 28. Kxf3 a5 29. Bc5 b5 30. Ra1 Ra8 31. Ke3 h5 32. gxh5 Rh8 33. Bb6 Rxh5
34. Bxa5 Rxh4 35. Bc7 Rh3+ 36. Bg3 f5 37. Kd2 g5 38. Ra6 Rh6 39. Be5 Re6 40.
Bc7 Nxd4 41. Rxe6 Nxe6 42. Bd6 Nd8 43. Kd3 Ke6 44. Bc7 Nc6 45. Bb6 f4 46. Bc7
Kf5 47. Bd6 g4 48. Bc7 g3 49. fxg3 f3 50. Ke3 Kg4 51. Kf2 Ne7 52. Be5 Ng6 53.
Bd6 Nh8 54. Bc7 Nf7 55. Bf4 Nd8 56. Bc7 Ne6 57. Be5 Nc5 58. Bd4 Nxb3 59. Be3
Na5 60. Bb6 Nc4 61. Bc7 Nd2 62. Bb6 Ne4+ 63. Ke3 Nxc3 64. Kd3 Ne4 65. Be3 Nxg3
66. Kc3 Kf5 67. Bf2 d4+ 68. Kb4 Kf4 69. Kxb5 d3 0-1

[Event "VII Festival A"]
[Site "Amantea ITA"]
[Date "2009.08.31"]
[Round "1"]
[White "Astanovskaya, Yulia"]
[Black "Abatino, Maurizio"]
[Result "1/2-1/2"]
[WhiteElo "1910"]
[BlackElo "2163"]
[PlyCount "54"]
[EventDate "2009.08.31"]

1. e4 e6 2. d4 d5 3. e5 c5 4. c3 Nc6 5. Nf3 Bd7 6. a3 c4 7. Be2 Na5 8. Nbd2 Bc6
9. O-O Qd7 10. Qe1 Ba4 11. Bd1 Ne7 12. Rb1 Nf5 13. Bxa4 Qxa4 14. Qd1 Qxd1 15.
Rxd1 h5 16. Nf1 Be7 17. Ne3 Nxe3 18. Bxe3 Rb8 19. Re1 b5 20. Bg5 Nc6 21. Bxe7
Kxe7 22. Nd2 a5 23. b4 cxb3 24. Rxb3 b4 25. axb4 axb4 26. Nf3 Rhc8 27. cxb4
Rxb4 1/2-1/2

[Event "VII Festival A"]
[Site "Amantea ITA"]
[Date "2009.08.31"]
[Round "1"]
[White "Calzetta Ruiz, Monica"]
[Black "Hajenius, Willem"]
[Result "1-0"]
[WhiteElo "2344"]
[BlackElo "2025"]
[PlyCount "73"]
[EventDate "2009.08.31"]

1. e4 c5 2. Nc3 e6 3. Nf3 d5 4. d4 Nf6 5. Bg5 Be7 6. e5 Ne4 7. Bxe7 Qxe7 8. Bd3
f5 9. exf6 Nxf6 10. O-O O-O 11. Re1 Nc6 12. dxc5 e5 13. Nxd5 Qxc5 14. Nxf6+
Rxf6 15. Qe2 Bg4 16. Qe4 Bf5 17. Qc4+ Qxc4 18. Bxc4+ Kf8 19. c3 Re8 20. Bd5 e4
21. Ng5 Rd8 22. Bxe4 Rd2 23. b3 Rb2 24. Rad1 Bxe4 25. Nxe4 Re6 26. Nd6 Rbe2 27.
Rxe2 Rxe2 28. Nxb7 Rxa2 29. g3 Rc2 30. c4 Rb2 31. Nc5 Rc2 32. Kg2 a5 33. Ne6+
Kg8 34. Rd7 Re2 35. Nxg7 Ne7 36. Nh5 Kf7 37. Nf4 1-0

[Event "VII Festival A"]
[Site "Amantea ITA"]
[Date "2009.08.31"]
[Round "1"]
[White "Collutiis, Duilio"]
[Black "Caizzone, Vito"]
[Result "1-0"]
[WhiteElo "2449"]
[BlackElo "2062"]
[PlyCount "107"]
[EventDate "2009.08.31"]

1. e4 e5 2. Nf3 Nc6 3. Bb5 a6 4. Ba4 Nf6 5. Qe2 Bc5 6. c3 Qe7 7. d3 d6 8. Nbd2
O-O 9. Bc2 a5 10. a4 Bd7 11. Nc4 Ng4 12. Ne3 Nxe3 13. Bxe3 Bxe3 14. fxe3 f5 15.
exf5 Bxf5 16. e4 Bg4 17. O-O Rf4 18. Qe3 Raf8 19. Nd2 Qg5 20. Bb3+ Kh8 21. Rae1
h5 22. h3 Bd7 23. Kh2 h4 24. Rf3 Ne7 25. Ref1 Ng6 26. Qe1 R8f6 27. Bc2 Kg8 28.
Qe3 Qh6 29. d4 Qh5 30. Bd1 Qg5 31. Kh1 Rf8 32. dxe5 dxe5 33. Bb3+ Kh7 34. Rg1
Qf6 35. Re1 Rxf3 36. Nxf3 Nf4 37. Rf1 Kh8 38. Qc5 Bc6 39. Qxe5 Qxe5 40. Nxe5
Bxe4 41. Kh2 Rf6 42. Nf7+ Kg8 43. Nd6+ Bd5 44. Bxd5+ Nxd5 45. Rxf6 gxf6 46.
Nxb7 Nb6 47. b3 Nd7 48. Nxa5 Nc5 49. Nc4 Nxb3 50. a5 Nc5 51. Ne3 c6 52. Nf5 Kf7
53. Nxh4 Ke6 54. Nf3 1-0

[Event "VII Festival A"]
[Site "Amantea ITA"]
[Date "2009.08.31"]
[Round "1"]
[White "Colucci, Pasquale"]
[Black "Duhayon, Yves"]
[Result "0-1"]
[WhiteElo "1946"]
[BlackElo "2256"]
[PlyCount "78"]
[EventDate "2009.08.31"]

1. e4 e5 2. Nf3 Nc6 3. Bb5 Nge7 4. c3 d5 5. Qe2 Bg4 6. h3 Bxf3 7. Qxf3 Qd6 8.
exd5 Nxd5 9. O-O Be7 10. Na3 Nb6 11. Nc2 O-O 12. Bxc6 bxc6 13. d4 Qg6 14. Ne3
exd4 15. Nf5 Bf6 16. Nxd4 Bxd4 17. cxd4 Nd5 18. Bf4 Qf6 19. Be5 Qxf3 20. gxf3
Rfe8 21. Rfc1 f6 22. Bg3 Re6 23. Rc5 Rb8 24. Rc2 Kf7 25. Kf1 Ke7 26. b3 Kd7 27.
Re1 Rxe1+ 28. Kxe1 Rb4 29. Rd2 a5 30. Kd1 a4 31. Kc2 axb3+ 32. axb3 h5 33. Rd1
g5 34. Rd2 h4 35. Bh2 Ke6 36. Re2+ Kf5 37. Re4 c5 38. dxc5 Rxe4 39. fxe4+ Kxe4
0-1

[Event "VII Festival A"]
[Site "Amantea ITA"]
[Date "2009.08.31"]
[Round "1"]
[White "Cordi', Domenico"]
[Black "Delorme, Axel"]
[Result "0-1"]
[WhiteElo "2060"]
[BlackElo "2434"]
[PlyCount "92"]
[EventDate "2009.08.31"]

1. d4 e6 2. c4 Nf6 3. Nc3 Bb4 4. e3 b6 5. Bd3 Bb7 6. Nf3 O-O 7. O-O c5 8. Bd2
cxd4 9. Nxd4 a6 10. Nc2 Be7 11. Be2 Nc6 12. Bf3 d5 13. cxd5 Ne5 14. Be2 Nxd5
15. f4 Ng6 16. Nxd5 Bxd5 17. Bf3 Bxf3 18. Rxf3 Bf6 19. Bb4 Bxb2 20. Bxf8 Bxa1
21. Qxa1 Qxf8 22. Qd4 Rc8 23. Rf2 Qc5 24. Rd2 Qxd4 25. Nxd4 Kf8 26. Kf2 e5 27.
Nc2 exf4 28. exf4 Ke7 29. g3 Rc5 30. Ke3 Nf8 31. Nd4 Ne6 32. Rb2 b5 33. Nxe6
Kxe6 34. Kd3 Rc4 35. Re2+ Kf6 36. Re1 g6 37. Re5 Ra4 38. Re2 Kf5 39. Kc3 h5 40.
Kb3 h4 41. Re7 f6 42. Rg7 hxg3 43. hxg3 g5 44. fxg5 fxg5 45. Rd7 Kg4 46. Rd3
Kh3 0-1

[Event "VII Festival A"]
[Site "Amantea ITA"]
[Date "2009.08.31"]
[Round "1"]
[White "Damia, Angelo"]
[Black "Gad, Ahmad"]
[Result "1-0"]
[WhiteElo "2291"]
[BlackElo "1956"]
[PlyCount "43"]
[EventDate "2009.08.31"]

1. e4 c5 2. a3 g6 3. b4 Bg7 4. c3 d5 5. exd5 Qxd5 6. Qf3 Nf6 7. Qxd5 Nxd5 8.
bxc5 O-O 9. g3 e5 10. Bg2 Be6 11. c4 e4 12. cxd5 Bxa1 13. dxe6 fxe6 14. Bxe4
Nc6 15. Nc3 Bxc3 16. dxc3 Rac8 17. Be3 Rf7 18. Ne2 Rd7 19. O-O Kf7 20. Rb1 Rcc7
21. Nd4 Nxd4 22. cxd4 1-0

[Event "VII Festival A"]
[Site "Amantea ITA"]
[Date "2009.08.31"]
[Round "1"]
[White "Doleschal, Johannes"]
[Black "Gromovs, Sergejs"]
[Result "0-1"]
[WhiteElo "2014"]
[BlackElo "2339"]
[PlyCount "96"]
[EventDate "2009.08.31"]

1. d4 d5 2. Nf3 Bf5 3. c4 e6 4. Nc3 c6 5. e3 Nf6 6. Bd3 Bg4 7. h3 Bh5 8. O-O
Nbd7 9. e4 dxe4 10. Nxe4 Nxe4 11. Bxe4 Nf6 12. Re1 Bb4 13. Re3 Nxe4 14. Rxe4
O-O 15. a3 Be7 16. b4 a5 17. bxa5 Rxa5 18. Qb3 Bf6 19. Bb2 Qc7 20. Ne5 Rd8 21.
Bc3 Raa8 22. g4 Bg6 23. Nxg6 hxg6 24. a4 Rd7 25. c5 Rad8 26. Qb4 Rd5 27. Rb1
R8d7 28. Qc4 Qd8 29. Rb4 g5 30. Qb3 Qa8 31. a5 Bd8 32. Ra4 Bc7 33. Kg2 Qc8 34.
Qc4 Bb8 35. a6 bxa6 36. Ba5 e5 37. dxe5 Rxe5 38. Rxe5 Bxe5 39. Bb6 Rd2 40. Qe4
Bf6 41. Qe3 Qd7 42. Rxa6 g6 43. Ra7 Qd5+ 44. Qf3 Qe6 45. Rc7 Bd4 46. Rxc6 Qa2
47. Rf6 Kg7 48. Bd8 Rxf2+ 0-1

[Event "VII Festival A"]
[Site "Amantea ITA"]
[Date "2009.08.31"]
[Round "1"]
[White "Efimov, Igor"]
[Black "Schrott, Ernst"]
[Result "1-0"]
[WhiteElo "2433"]
[BlackElo "2059"]
[PlyCount "37"]
[EventDate "2009.08.31"]

1. d4 g6 2. e4 Bg7 3. Nc3 d6 4. Bg5 h6 5. Bh4 Nd7 6. f4 c6 7. Qd2 Qc7 8. e5
dxe5 9. fxe5 b5 10. Bd3 e6 11. Ne4 Bf8 12. Ne2 Bb7 13. O-O g5 14. Bg3 Nb6 15.
Nd6+ Bxd6 16. exd6 Qd7 17. Be5 f6 18. Bg6+ Kd8 19. Rxf6 1-0

[Event "VII Festival A"]
[Site "Amantea ITA"]
[Date "2009.08.31"]
[Round "1"]
[White "Estremera Panos, Sergio"]
[Black "Bodenschatz, Josef"]
[Result "1-0"]
[WhiteElo "2394"]
[BlackElo "2038"]
[PlyCount "55"]
[EventDate "2009.08.31"]

1. d4 c6 2. c4 f5 3. Nf3 Nf6 4. Nc3 g6 5. g3 Bg7 6. Bg2 O-O 7. O-O d5 8. Qb3 e6
9. Bf4 Qb6 10. c5 Qxb3 11. axb3 Nbd7 12. b4 Ne4 13. b5 Nxc3 14. bxc3 cxb5 15.
Rfb1 Nf6 16. Rxb5 Ne4 17. Ra3 h6 18. Be5 Nf6 19. Bd6 Re8 20. Ne5 Kh7 21. f3 g5
22. h3 Ng8 23. c4 Ne7 24. f4 Nc6 25. e3 Ne7 26. Bxe7 Rxe7 27. cxd5 exd5 28.
Bxd5 1-0

[Event "VII Festival A"]
[Site "Amantea ITA"]
[Date "2009.08.31"]
[Round "1"]
[White "Fabiano, Giuseppe"]
[Black "Licciulli, Fabio"]
[Result "1-0"]
[WhiteElo "2245"]
[BlackElo "1937"]
[PlyCount "67"]
[EventDate "2009.08.31"]

1. e4 e6 2. d4 d5 3. Nc3 Bb4 4. Nge2 dxe4 5. a3 Bxc3+ 6. Nxc3 Nf6 7. Bg5 b6 8.
Nxe4 Bb7 9. Bb5+ c6 10. Qf3 cxb5 11. Bxf6 Bxe4 12. Qxe4 Qd5 13. Qxd5 exd5 14.
Bxg7 Rg8 15. Be5 Nd7 16. O-O f6 17. Bd6 O-O-O 18. Rfe1 Rde8 19. Kf1 f5 20.
Rxe8+ Rxe8 21. Re1 Nf6 22. Rxe8+ Nxe8 23. Be5 a6 24. Ke2 Kd8 25. Kf3 Ke7 26.
Kf4 Ke6 27. f3 h6 28. g3 a5 29. b3 a4 30. b4 Nf6 31. Bxf6 Kxf6 32. g4 fxg4 33.
fxg4 Ke6 34. g5 1-0

[Event "VII Festival A"]
[Site "Amantea ITA"]
[Date "2009.08.31"]
[Round "1"]
[White "Furnari, Franco"]
[Black "Oschetzki, Stefan"]
[Result "1-0"]
[WhiteElo "1929"]
[BlackElo "2178"]
[PlyCount "65"]
[EventDate "2009.08.31"]

1. e4 d6 2. d4 Nf6 3. Nc3 g6 4. Nf3 Bg7 5. Bd3 Nc6 6. Be3 Ng4 7. Qd2 Nxe3 8.
Qxe3 Bg4 9. Ne2 h5 10. Bb5 a6 11. Ba4 b5 12. Bb3 Na5 13. h3 Bd7 14. O-O Nc4 15.
Bxc4 bxc4 16. Rad1 Rb8 17. b3 O-O 18. Rfe1 c6 19. e5 Qc7 20. Nf4 Bh6 21. e6
fxe6 22. Nxe6 Bxe3 23. Nxc7 Bh6 24. Ne6 Rf6 25. Neg5 Bf5 26. Rxe7 Bxc2 27. Rde1
cxb3 28. axb3 Rxb3 29. Ra7 Bd3 30. Ree7 Bf8 31. Rec7 c5 32. Nh7 Rf4 33. Nxf8
1-0

[Event "VII Festival A"]
[Site "Amantea ITA"]
[Date "2009.08.31"]
[Round "1"]
[White "Lalic, Bogdan"]
[Black "Santagati, Alessandro"]
[Result "1-0"]
[WhiteElo "2517"]
[BlackElo "2147"]
[PlyCount "89"]
[EventDate "2009.08.31"]

1. d4 Nf6 2. Nf3 g6 3. c4 Bg7 4. Nc3 d5 5. Qb3 c6 6. cxd5 cxd5 7. Bf4 O-O 8. e3
Nc6 9. Be2 Na5 10. Qb4 Nh5 11. Bg5 Nc6 12. Qb3 h6 13. Bh4 g5 14. Bg3 Nxg3 15.
hxg3 e6 16. g4 Bd7 17. O-O Rc8 18. Bd3 Na5 19. Qd1 Nc4 20. Qe2 Qb6 21. Rab1
Rfd8 22. e4 Bc6 23. e5 Qa5 24. b4 Qc7 25. Rb3 b5 26. Bb1 Kf8 27. Qd3 Ke7 28.
Ne2 Rh8 29. Ng3 a5 30. bxa5 Qxa5 31. Nh5 Bf8 32. Ne1 Kd8 33. Qf3 f5 34. exf6
Nd2 35. Qe3 Nxf1 36. Kxf1 Bd7 37. Nd3 Qc7 38. f3 b4 39. Kf2 Bd6 40. Ng7 Qc6 41.
Nxe6+ Bxe6 42. Qxe6 Re8 43. Qf5 Rc7 44. Nxb4 Bxb4 45. Rxb4 1-0